[Event "Najdorf Mem Open"]
[Site "Warsaw POL"]
[Date "2009.07.23"]
[Round "6"]
[White "Bugajski,R"]
[Black "Sowul,B"]
[Result "1-0"]
[WhiteElo "2193"]
[BlackElo "2081"]

1.c4 g6 2.Nf3 Bg7 3.g3 d6 4.d4 Nf6 5.Bg2 O-O 6.O-O Nbd7 7.Nc3 e5 8.e4 exd4
9.Nxd4 Re8 10.Re1 a6 11.f3 Rb8 12.Be3 Ne5 13.b3 c5 14.Nde2 b5 15.cxb5 axb5
16.Nf4 b4 17.Na4 Nc6 18.Rc1 g5 19.Nd5 Nd7 20.Qd2 g4 21.fxg4 Nd4 22.Rf1 Ba6
23.Rf2 Ne5 24.Bxd4 cxd4 25.g5 Re6 26.Rf5 h6 27.h4 Kh7 28.Bh3 Rg6 29.Kg2 Bc8
30.Nab6 Be6 31.Nc4 Kg8 32.Nf4 hxg5 33.Nxg6 fxg6 34.Rxg5 Bxh3+ 35.Kxh3 Nf3
36.Qf4 Nxg5+ 37.hxg5 Rc8 38.Rd1 d5 39.Nd6 Qd7+ 40.Qg4 Qxg4+ 41.Kxg4 Rd8 42.Nb7 Rb8
43.Nc5 Rb5 44.Ne6 Be5 45.Nxd4 Bxd4 46.Rxd4 dxe4 47.Rxe4 Kf7 48.Rf4+ Kg7 49.Rc4 Rb7
50.Rc6 Kf7 51.Rf6+ Kg7 52.Ra6 Kf7 53.Kf4 Kg7 54.Ke4 Kf7 55.g4 Rb5 56.Ra7+ Kf8
57.Kf4 Kg8 58.Re7 Kf8 59.Re5 Rb8 60.Ke4 Kf7 61.Kd4 Ra8 62.Kc4 Rb8 63.Rb5 Ra8
64.Rb7+ Kf8 65.Rxb4 Rxa2 66.Rb8+ Ke7 67.Rb7+ Ke6 68.Rg7 Ke5 69.Rxg6 Kf4 70.Rg8 Kxg4
71.b4 Kf5 72.b5 Ke6 73.Kc5 Kd7 74.Kb6 Rb2 75.Rg7+ Kc8 76.Rc7+ Kb8 77.Rf7 Kc8
78.g6 Rg2 79.g7 Rg6+ 80.Ka5 Kb8 81.Rf8+ Ka7 82.g8=Q Ra6+ 83.Kb4  1-0

[Event "17th Open"]
[Site "Saint Affrique FRA"]
[Date "2009.07.24"]
[Round "8"]
[White "David,Vi"]
[Black "Valles,M"]
[Result "1-0"]
[WhiteElo "2399"]
[BlackElo "2142"]

1.d4 Nf6 2.c4 g6 3.Nf3 Bg7 4.g3 O-O 5.Bg2 d6 6.O-O c6 7.Nc3 Qa5 8.h3 e5 9.e4 Nbd7
10.Be3 exd4 11.Nxd4 Ne5 12.Nb3 Qa6 13.c5 Nc4 14.Bd4 Nxb2 15.Qc2 Nc4 16.cxd6 Nd7
17.Bxg7 Kxg7 18.Rad1 f6 19.Rfe1 Qa3 20.Qe2 Qb4 21.Rd4 b5 22.Qc2 Bb7 23.Rc1 Rad8
24.a3 Qxa3 25.Ra1 Qb2 26.Qxb2 Nxb2 27.Rxa7 Ba8 28.Nc5 Kh8  1-0

[Event "Czech Open A"]
[Site "Pardubice CZE"]
[Date "2009.07.25"]
[Round "2"]
[White "Chetverik,M"]
[Black "Maximov,D"]
[Result "1/2-1/2"]
[WhiteElo "2354"]
[BlackElo "2485"]

1.d4 Nf6 2.c4 g6 3.Nf3 Bg7 4.g3 O-O 5.Bg2 d6 6.O-O Nbd7 7.Nc3 e5 8.dxe5 dxe5
9.h3 c6 10.Be3 Qe7 11.Qb3 Re8 12.Rfd1 Nf8 13.Rac1 h6 14.a3 Bf5 15.g4 Bc8
16.Qb4 Qc7 17.Qd6  1/2-1/2

[Event "Czech Open A"]
[Site "Pardubice CZE"]
[Date "2009.07.25"]
[Round "2"]
[White "Daskevics,Va"]
[Black "Ni,V"]
[Result "1-0"]
[WhiteElo "2341"]
[BlackElo "2151"]

1.d4 Nf6 2.Nf3 g6 3.c4 Bg7 4.g3 O-O 5.Bg2 d6 6.Nc3 Nc6 7.O-O Bg4 8.h3 Bxf3
9.exf3 Nd7 10.Be3 e5 11.d5 Ne7 12.Re1 Nf5 13.Bc1 a6 14.h4 Rb8 15.Rb1 h6 16.b4 c5
17.dxc6 bxc6 18.Qd3 Nb6 19.f4 Nd4 20.Be3 c5 21.Nd5 f5 22.fxe5 dxe5 23.bxc5 e4
24.Qd1 Nxc4 25.Rxb8 Qxd5 26.Rxf8+ Kxf8 27.c6 Ke7 28.c7 Kd7 29.Bxd4 Bxd4 30.Qa4+ Kxc7
31.Rc1 Bxf2+ 32.Kh1 Kb6 33.Rxc4 Bxg3 34.Qb3+  1-0

[Event "Continental ch-Americas"]
[Site "Sao Paulo BRA"]
[Date "2009.07.25"]
[Round "1"]
[White "Herbst Neto,E"]
[Black "Castano,D"]
[Result "0-1"]
[WhiteElo "1973"]
[BlackElo "2337"]

1.d4 Nf6 2.Nf3 g6 3.c4 Bg7 4.g3 d6 5.Bg2 O-O 6.Nc3 Bg4 7.h3 Bxf3 8.Bxf3 Nc6
9.e4 Nd7 10.Be3 e5 11.d5 Nd4 12.O-O Nxf3+ 13.Qxf3 f5 14.Qe2 f4 15.Bd2 h5
16.b4 Nf6 17.Rab1 Qd7 18.gxf4 exf4 19.e5 Qxh3 20.exf6 Rae8 21.f7+ Kxf7 22.Ne4 Kg8
23.f3 Bd4+ 24.Rf2 Rxe4 25.fxe4 Qg3+ 26.Kh1 Bxf2  0-1

[Event "ZMD Open"]
[Site "Dresden GER"]
[Date "2009.07.26"]
[Round "2"]
[White "Hennrich,R"]
[Black "Hager,J"]
[Result "0-1"]
[WhiteElo "1840"]
[BlackElo "2217"]

1.d4 Nf6 2.Nf3 d6 3.g3 g6 4.Bg2 Bg7 5.c4 O-O 6.O-O c5 7.Nc3 Nc6 8.d5 Na5
9.Qd3 a6 10.e4 Rb8 11.a4 Nb3 12.Rb1 Nxc1 13.Rfxc1 Nd7 14.Re1 Qa5 15.Ra1 Rd8
16.Bf1 h6 17.Rec1 Nf8 18.Bg2 g5 19.Nd2 Ng6 20.Nf3 Bd7 21.b3 Qc7 22.Ra2 b5
23.axb5 axb5 24.cxb5 Qb7 25.Bf1 Ra8 26.Na4 Rdb8 27.Nd2 Bxb5 28.Nc4 Ne5 29.Qc2 Nf3+
30.Kh1 Nd4 31.Qd1 Nxb3 32.Qxb3 Bxa4 33.Qf3 Bd1 34.Qxd1 Rxa2 35.Rb1  0-1

[Event "2nd Open"]
[Site "Paleohora GRE"]
[Date "2009.07.27"]
[Round "8"]
[White "Livner,A"]
[Black "Gupta,Ab"]
[Result "0-1"]
[WhiteElo "2315"]
[BlackElo "2565"]

1.d4 Nf6 2.c4 g6 3.g3 Bg7 4.Bg2 O-O 5.Nf3 d6 6.O-O Nc6 7.Nc3 a6 8.Qd3 e5
9.dxe5 dxe5 10.Qxd8 Rxd8 11.Bg5 Be6 12.Nd2 Nd4 13.Rfd1 c6 14.e3 Nc2 15.Rac1 Nb4
16.Nce4 Nxe4 17.Nxe4 Rxd1+ 18.Rxd1 Nxa2 19.Be7 f5 20.Nc5 Bxc4 21.Nxb7 e4
22.Na5 Bd5 23.Ba3 Rb8 24.Bf1 Nb4 25.Rc1 Nd3 26.Nxc6 Bxc6 27.Rxc6 Bxb2 28.Rxa6 Bxa3
29.Rxa3 Rb1 30.h3 Kf7 31.Kg2 Ne1+ 32.Kh2 Kf6 33.Ra2 Kg5 34.Be2 h5 35.h4+ Kh6
36.Bf1 Rc1 37.Kg1 Nf3+ 38.Kg2 Rb1 39.Re2 g5 40.hxg5+ Kxg5 41.Ra2 Kg4 42.Ra8 Ne1+
43.Kg1 h4 44.gxh4 Nf3+ 45.Kg2 Nxh4+ 46.Kg1 f4 47.exf4 Nf5 48.Kg2 Nh4+ 49.Kg1 Rb2
50.Ra3 Kxf4 51.Rc3 Nf3+ 52.Kg2 Ne5 53.Re3 Ng4 54.Re2 Rb7 55.Kg1 Ne5 56.Bg2 Rb1+
57.Bf1 Nf3+ 58.Kg2 Rb6 59.Ra2 Rg6+ 60.Kh3 Rh6+  0-1

[Event "ch-Euro Senior"]
[Site "Rogaska Slatina SLO"]
[Date "2009.07.27"]
[Round "6"]
[White "Kulago,A"]
[Black "Bratko,I"]
[Result "0-1"]
[WhiteElo "2144"]
[BlackElo "2229"]

1.Nf3 Nf6 2.c4 g6 3.g3 Bg7 4.Bg2 d6 5.d4 O-O 6.O-O Nbd7 7.Qc2 e5 8.Rd1 Qe7
9.Nc3 c6 10.dxe5 dxe5 11.h3 Nc5 12.Be3 a5 13.b3 Bf5 14.Qb2 Rfe8 15.Rac1 h6
16.g4 Bc8 17.Qa3 Nfd7 18.Nd2 f5 19.gxf5 gxf5 20.f4 e4 21.Nf1 Bf8 22.Bd4 Qh4
23.Bf2 Qxf4 24.b4 Ne6 25.c5 Ra6 26.b5 cxb5 27.Nd5 Qe5 28.Qb3 Kh7 29.Qxb5 Rc6
30.Rc4 Bxc5 31.Nfe3 Nd4 32.Rcxd4 Bxd4 33.Rxd4 Qxd4 34.Nxf5 Rc1+ 35.Bf1 Rg8+  0-1

[Event "2nd Open"]
[Site "Paleohora GRE"]
[Date "2009.07.28"]
[Round "9"]
[White "Lipka,J"]
[Black "Smith,Bry"]
[Result "1/2-1/2"]
[WhiteElo "2419"]
[BlackElo "2467"]

1.Nf3 g6 2.d4 Nf6 3.c4 Bg7 4.g3 O-O 5.Bg2 d6 6.O-O Nbd7 7.Nc3 e5 8.e4 exd4
9.Nxd4 Re8 10.h3 Nc5 11.Re1 Bd7 12.Bf4 h6 13.Rb1 a5 14.b3 a4 15.b4 Ne6 16.Nxe6 Bxe6
17.Nd5 Nd7 18.Bd2 Ne5 19.Qc2 Qd7 20.Bxh6 Bxd5 21.Bxg7 Bxe4 22.Bxe4 Kxg7 23.Bxb7 Qxh3
24.Bxa8 Rxa8 25.Rxe5 Rh8 26.Qe4 dxe5 27.Qxe5+ Kf8 28.Qd5 Qh2+ 29.Kf1 Qh1+
30.Ke2 Qxb1 31.Qd8+ Kg7 32.Qd4+ Kh7 33.Qh4+ Kg8 34.Qd8+ Kg7 35.Qd4+ Kh7  1/2-1/2

[Event "ch-AUT"]
[Site "Jenbach AUT"]
[Date "2009.08.01"]
[Round "8"]
[White "Singer,Ri"]
[Black "Freitag,Ma"]
[Result "1/2-1/2"]
[WhiteElo "2284"]
[BlackElo "2404"]

1.d4 Nf6 2.Nf3 g6 3.g3 Bg7 4.Bg2 O-O 5.c4 d6 6.Nc3 Nbd7 7.h3 e5 8.O-O exd4
9.Nxd4 Nb6 10.b3 d5 11.c5 Nbd7 12.Ba3 Re8 13.e3 c6 14.Qc2 h5 15.Rad1 Qa5
16.Qc1 Qc7 17.Rfe1 Nf8 18.Bb2 Bd7 19.Qa1 Qa5 20.Rc1 N8h7 21.h4 Re7 22.Nce2 Rae8
23.Nf3 Rc8 24.Nf4 Qd8 25.b4 Qf8 26.Nh3 Ne4 27.Nfg5 Nhxg5 28.Nxg5 Bf5 29.Rcd1 Rce8
30.Bxg7 Qxg7 31.Qxg7+ Kxg7 32.Nxe4 Bxe4 33.Rd4 Bxg2  1/2-1/2

[Event "Open"]
[Site "Kavala GRE"]
[Date "2009.08.01"]
[Round "1"]
[White "Angelis,M"]
[Black "Markus,Rob"]
[Result "0-1"]
[WhiteElo "2204"]
[BlackElo "2587"]

1.Nf3 Nf6 2.d4 g6 3.c4 Bg7 4.g3 O-O 5.Bg2 d6 6.O-O Nbd7 7.Nc3 e5 8.e4 a6
9.h3 Rb8 10.a4 a5 11.Be3 Re8 12.Qc2 b6 13.Rad1 Bb7 14.dxe5 dxe5 15.c5 Qe7
16.cxb6 cxb6 17.Nd2 Rec8 18.Rfe1 Qb4 19.Qb3 Nc5 20.Bxc5 Qxc5 21.Bf1 Rd8 22.Nc4 Rd4
23.Rxd4 exd4 24.Nb5 Nxe4 25.Bg2 Bd5 26.Bxe4 Bxc4 27.Qf3 Qb4 28.Rc1 Qxa4 29.Nd6 Be6
30.Qf4 Rf8 31.Rc7 d3 32.Qd2 Be5  0-1

[Event "Centroamericano & Caribbean U20"]
[Site "Medellin COL"]
[Date "2009.08.01"]
[Round "4"]
[White "Del Castilho,M"]
[Black "Rios,Cr"]
[Result "0-1"]
[WhiteElo "2181"]
[BlackElo "2225"]

1.d4 Nf6 2.c4 g6 3.g3 Bg7 4.Bg2 O-O 5.Nf3 d6 6.Nc3 Bg4 7.O-O Qc8 8.e4 e5
9.d5 h6 10.Qc2 Nh5 11.Ne1 Bh3 12.Nd3 Bxg2 13.Kxg2 f5 14.c5 Nd7 15.cxd6 cxd6
16.Qe2 fxe4 17.Qxe4 Kh7 18.Qb4 Ndf6 19.f3 Qf5 20.Ne4 Nxe4 21.Qxe4 Nf6 22.Qxf5 gxf5
23.Rd1 Rfc8 24.Ne1 Rc5 25.b4 Rxd5 26.Bb2 Re8 27.Nc2 Rc8 28.Ne3 Rxd1 29.Rxd1 f4
30.gxf4 exf4 31.Bxf6 fxe3 32.Bxg7 Rc2+ 33.Kg3 e2 34.Re1 Kxg7 35.a3 d5 36.Kf2 d4  0-1

[Event "4th Timisoara Cup A"]
[Site "Timisoara ROM"]
[Date "2009.08.01"]
[Round "1"]
[White "Anton,T"]
[Black "Vedmediuc,S"]
[Result "1-0"]
[WhiteElo "2379"]
[BlackElo "2444"]

1.d4 Nf6 2.c4 g6 3.Nf3 Bg7 4.g3 O-O 5.Bg2 d6 6.O-O c5 7.Nc3 Nc6 8.d5 Na5
9.Nd2 a6 10.Qc2 Rb8 11.b3 b5 12.Bb2 bxc4 13.bxc4 Bh6 14.f4 e5 15.dxe6 Bxe6
16.Nd5 Bxd5 17.cxd5 Ng4 18.Rf3 Rxb2 19.Qxb2 Bg7 20.Qc1 Bxa1 21.Qxa1 Re8 22.Qc3 Rxe2
23.Bf1 Rxh2 24.Ne4 Rh5 25.Rd3 Qb6 26.Be2 Qb1+ 27.Bd1 Rf5 28.Kg2 Rxd5 29.Bxg4 Rxd3
30.Qxa5 Qb2+ 31.Kh3 Re3 32.Qd8+ Kg7 33.Nxd6 h5 34.Bxh5 Qc3 35.Qg5  1-0

[Event "Open"]
[Site "Kavala GRE"]
[Date "2009.08.02"]
[Round "3"]
[White "Grigorov,G"]
[Black "Markus,Rob"]
[Result "1/2-1/2"]
[WhiteElo "2489"]
[BlackElo "2587"]

1.d4 d6 2.Nf3 Nf6 3.c4 g6 4.g3 Bg7 5.Bg2 O-O 6.O-O c5 7.Nc3 Nc6 8.dxc5 dxc5
9.Be3 Qa5 10.Qa4 Qxa4 11.Nxa4 b6 12.Rfd1 Bb7  1/2-1/2

[Event "Centroamericano & Caribbean U20"]
[Site "Medellin COL"]
[Date "2009.08.02"]
[Round "5"]
[White "Del Castilho,M"]
[Black "Escobar Medina,A"]
[Result "1-0"]
[WhiteElo "2181"]
[BlackElo "2087"]

1.d4 Nf6 2.c4 d6 3.Nf3 g6 4.g3 Bg7 5.Bg2 O-O 6.Nc3 Nbd7 7.O-O e5 8.e4 h6
9.h3 Kh7 10.Be3 c6 11.Qc2 Qe7 12.Rad1 Ne8 13.Kh2 Nc7 14.b4 Na6 15.a3 Nb6
16.Ne2 f5 17.dxe5 dxe5 18.c5 fxe4 19.Nh4 Nd5 20.Bxe4 Qe6 21.Nxg6 Qxh3+ 22.Kg1 Bf5
23.Nxf8+ Rxf8 24.Bxf5+ Rxf5 25.Qe4 Kg8 26.Qh4 Qxh4 27.gxh4 Rh5 28.Ng3 Rxh4
29.Nf5 Rh5  1-0

[Event "110th US Open"]
[Site "Indianapolis USA"]
[Date "2009.08.03"]
[Round "3"]
[White "Rea,A"]
[Black "Bereolos,P"]
[Result "1-0"]
[WhiteElo "2136"]
[BlackElo "2328"]

1.d4 Nf6 2.Nf3 g6 3.g3 Bg7 4.Bg2 O-O 5.c4 d6 6.Nc3 Nbd7 7.O-O e5 8.dxe5 dxe5
9.Qc2 c6 10.h3 Qe7 11.e4 Ne8 12.Kh2 f5 13.Bg5 Qf7 14.b3 f4 15.Bd8 h6 16.Ba5 Qe7
17.Ne2 g5 18.Bc3 h5 19.gxf4 exf4 20.Bxg7 Nxg7 21.Nfg1 g4 22.f3 g3+ 23.Kh1 Ne5
24.Rad1 Ne6 25.Qc3 Nf7 26.Nxg3 fxg3 27.f4 h4 28.f5 Neg5 29.Rf4 Qe5 30.Qe3 Kg7
31.Rg4 Kf6 32.Nf3 Nxf3 33.Rg6+ Ke7 34.Qxf3 Bd7 35.Qg4 Kd8 36.f6 Qc7 37.Rg8  1-0

[Event "Open"]
[Site "Ptuj SLO"]
[Date "2009.08.03"]
[Round "2"]
[White "Titan,M"]
[Black "Havas,L"]
[Result "0-1"]
[WhiteElo "1974"]
[BlackElo "2288"]

1.d4 Nf6 2.Nf3 g6 3.c4 Bg7 4.g3 O-O 5.Bg2 d6 6.O-O Nbd7 7.Nc3 e5 8.e4 a6
9.dxe5 dxe5 10.h3 b5 11.Qc2 c6 12.Be3 Qe7 13.Nd2 Bb7 14.a3 Rfd8 15.Nb3 a5
16.cxb5 a4 17.Nxa4 cxb5 18.Nc3 Rdc8 19.Nd2 Nc5 20.Qb1 Qe6 21.b4 Na4 22.Nxa4 Rxa4
23.Nb3 Bxe4 24.Bxe4 Nxe4 25.Qxe4 Qxb3 26.Qb7 Rca8 27.Qxb5 e4 28.Rab1 Qe6
29.h4 Rxa3 30.Rfd1 Rxe3 31.fxe3 Qh3 32.Qe2 Qxg3+ 33.Kf1 Qxh4 34.b5 Ra2 35.Qxa2 Qh1+
36.Kf2 Qh2+ 37.Kf1 Qxa2 38.b6 Be5 39.b7 h5  0-1

[Event "Arctic Chess Challenge"]
[Site "Tromso NOR"]
[Date "2009.08.03"]
[Round "3"]
[White "Simutowe,A"]
[Black "Haslinger,E"]
[Result "1-0"]
[WhiteElo "2481"]
[BlackElo "1723"]

1.Nf3 Nf6 2.c4 g6 3.d4 d6 4.g3 Bg7 5.Bg2 O-O 6.O-O c5 7.Nc3 a6 8.h3 Nc6 9.Be3 cxd4
10.Nxd4 Qc7 11.Rc1 Nxd4 12.Bxd4 e6 13.e4 Rd8 14.Qd2 Bd7 15.Rfd1 Bc6 16.b3 Rac8
17.Kh2 Ne8 18.Be3 Bxc3 19.Rxc3 Ng7 20.Rd3 Ne8 21.c5 Bb5 22.cxd6 Qd7 23.Rd4 f6
24.a4 Bc6 25.Rd3 Rb8 26.Ba7 Ra8 27.Bb6 Rdc8 28.f4 Kf7 29.Be3 Ng7 30.Rc1 b5
31.Rdc3 Bb7 32.Rc7  1-0

[Event "110th US Open"]
[Site "Indianapolis USA"]
[Date "2009.08.04"]
[Round "4"]
[White "Ippolito,D"]
[Black "Hughes,T"]
[Result "1-0"]
[WhiteElo "2455"]
[BlackElo "2278"]

1.d4 Nf6 2.c4 g6 3.Nf3 Bg7 4.g3 O-O 5.Bg2 d6 6.O-O Nbd7 7.Nc3 e5 8.e4 a6
9.h3 b5 10.Be3 c6 11.cxb5 axb5 12.a3 Qe7 13.Qc2 exd4 14.Nxd4 Bb7 15.Rad1 Rfe8
16.Rfe1 Ne5 17.f4 Nc4 18.Bf2 Rac8 19.Nb3 Nd7 20.Nd2 Ndb6 21.Ndb1 Nd7 22.b3 Nxa3
23.Nxa3 b4 24.Nc4 Bxc3 25.Nxd6 Bxe1 26.Bxe1 Rb8 27.Nxe8 Rxe8 28.Bxb4 Qxb4
29.Rxd7 c5 30.Qc4 Qxc4 31.bxc4 Bxe4 32.Rc7 Bxg2 33.Kxg2 Re2+ 34.Kf3 Rh2 35.Rxc5 h5
36.f5 Kg7 37.h4 Rc2 38.fxg6 fxg6 39.Kf4 Rc3 40.Rc7+ Kf6 41.Rc6+ Kg7 42.c5 Rc4+
43.Ke5 Rc3 44.Rc7+ Kh6 45.c6 Rxg3 46.Rd7 Rc3 47.c7 g5 48.Kd5 Rd3+ 49.Kc4 Rxd7
50.c8=Q Rg7 51.Qh8+ Kg6 52.hxg5 Rf7 53.Qh6+ Kf5 54.g6  1-0

[Event "Open"]
[Site "Kavala GRE"]
[Date "2009.08.06"]
[Round "7"]
[White "Harika,D"]
[Black "Gajewski,G"]
[Result "1/2-1/2"]
[WhiteElo "2445"]
[BlackElo "2572"]

1.d4 Nf6 2.c4 g6 3.g3 Bg7 4.Bg2 O-O 5.Nf3 d6 6.O-O Nc6 7.Nc3 a6 8.b3 Bd7
9.Nd5 b5 10.Nxf6+ Bxf6 11.Bh6 Re8 12.Rc1 bxc4 13.Rxc4 d5 14.Rc1 e6 15.h4 a5
16.Bg5 a4 17.e4 dxe4 18.Bxf6 Qxf6 19.Ne5 Nxe5 20.dxe5 Qd8 21.Bxe4 Rb8 22.Qf3 axb3
23.axb3 Bb5 24.Rfd1 Qe7 25.h5 Kg7 26.Kg2 Qg5 27.Rxc7 Rf8 28.Rc5 Kg8 29.Qf6 Qxh5
30.Rh1 Qe2 31.Bf3 Qd3 32.g4 Ba6 33.Rcc1 h5 34.gxh5 Rxb3 35.h6 Qxf3+ 36.Qxf3 Rxf3
37.Kxf3 Bb7+ 38.Kf4 Bxh1 39.Rxh1 f6 40.Rh2 Kh7 41.exf6 Rxf6+ 42.Ke5 Rf5+
43.Kxe6  1/2-1/2

[Event "110th US Open"]
[Site "Indianapolis USA"]
[Date "2009.08.08"]
[Round "8"]
[White "Ippolito,D"]
[Black "Wasiluk,K"]
[Result "1/2-1/2"]
[WhiteElo "2455"]
[BlackElo "2220"]

1.d4 Nf6 2.c4 g6 3.Nf3 Bg7 4.g3 d6 5.Bg2 O-O 6.O-O Nc6 7.Nc3 a6 8.h3 Rb8
9.e4 b5 10.cxb5 axb5 11.Re1 Nd7 12.Bg5 h6 13.Be3 Na5 14.b3 c5 15.Rc1 c4 16.Nd5 Bb7
17.b4 Nc6 18.a4 e6 19.axb5 exd5 20.bxc6 Bxc6 21.e5 dxe5 22.dxe5 Re8 23.Bd4 Rxb4
24.e6 fxe6 25.Bxg7 Kxg7 26.Nd4 Ba4 27.Qg4 Nf8 28.Nxe6+ Nxe6 29.Rxe6 Rxe6
30.Qxe6 d4 31.Rxc4 Rxc4 32.Qxc4 Be8 33.Bd5 Qb6 34.Qc8 Qd6 35.Qxe8  1/2-1/2

[Event "Open"]
[Site "Ptuj SLO"]
[Date "2009.08.09"]
[Round "9"]
[White "Titan,M"]
[Black "Slamar,V"]
[Result "1-0"]
[WhiteElo "1974"]
[BlackElo "2215"]

1.d4 Nf6 2.Nf3 g6 3.c4 Bg7 4.g3 O-O 5.Bg2 d6 6.O-O Nbd7 7.Nc3 e5 8.e4 exd4
9.Nxd4 Re8 10.h3 Nc5 11.Re1 a5 12.Rb1 c6 13.b3 Nfd7 14.Be3 Ne5 15.Qc2 f5
16.exf5 gxf5 17.Rbd1 Qf6 18.f4 Nf7 19.Bf2 Bd7 20.Bf3 Qg6 21.Kh2 Nh6 22.a3 Rad8
23.b4 axb4 24.axb4 Ne6 25.Nb3 Nf7 26.Na5 Rb8 27.Na4 Nf8 28.Nb6 Rxe1 29.Rxe1 Be6
30.b5 Nd8 31.bxc6 bxc6 32.Nxc6 Nxc6 33.Bxc6 Kh8 34.Rd1 Bf7 35.Qd2 d5 36.cxd5 Qd6
37.Nc4 Qc7 38.Ne5 Bh5 39.d6 Qd8 40.Bf3 Qe8 41.d7 Nxd7 42.Qxd7 Qxd7 43.Rxd7  1-0

[Event "ch-BLR Girls"]
[Site "Minsk BLR"]
[Date "2009.08.10"]
[Round "1"]
[White "Lvova,Y"]
[Black "Revo,T"]
[Result "1-0"]
[WhiteElo "2028"]
[BlackElo "1980"]

1.d4 Nf6 2.c4 g6 3.Nf3 Bg7 4.g3 O-O 5.Bg2 d6 6.Nc3 a6 7.O-O Nc6 8.e3 e5 9.d5 Ne7
10.Qc2 c6 11.dxc6 Nxc6 12.e4 Bg4 13.Bg5 h6 14.Bd2 Rc8 15.b3 Nd7 16.h3 Be6
17.Rac1 f5 18.Kh2 Nc5 19.Be3 Nd4 20.Qd1 Qf6 21.exf5 Nxf5 22.Bxc5 dxc5 23.Ne4 Qe7
24.Qe2 Nd4 25.Nxd4 exd4 26.Rce1 Bf5 27.Qd2 Qd7 28.f4 b6 29.Nf2 Rfe8 30.g4 Rxe1
31.Rxe1 Be6 32.Rxe6  1-0

[Event "80th Jubilee Viktor Kart"]
[Site "Lviv UKR"]
[Date "2009.08.12"]
[Round "11"]
[White "Nester,I"]
[Black "Soloviova,L"]
[Result "1/2-1/2"]
[WhiteElo "2390"]
[BlackElo "2259"]

1.Nf3 Nf6 2.c4 g6 3.d4 Bg7 4.g3 d6 5.Bg2 O-O 6.Nc3 Nc6 7.O-O e5 8.d5 Ne7
9.e4 Ne8 10.Ne1 f5 11.Nd3 Nf6 12.Bg5 Nxe4 13.Nxe4 fxe4 14.Bxe4 Bf5 15.Qe2 h6
16.Bxe7 Qxe7 17.Bxf5 gxf5 18.Nf4 Rf6 19.Ne6 Qf7 20.f4 e4 21.Rac1 c5 22.Kh1 Rxe6
23.dxe6 Qxe6 24.b3 Bd4 25.Qh5 Rf8 26.Rc2 Kh7 27.g4 Qg6 28.Qxg6+ Kxg6 29.h3 a6
30.Kg2 h5 31.Kg3 b5 32.Rd1 fxg4 33.hxg4 h4+ 34.Kxh4 Rxf4 35.Re2 b4 36.Rde1 Rf3
37.g5 Bf2+ 38.Rxf2 Rxf2 39.Rxe4 Rh2+ 40.Kg4 Rg2+ 41.Kf4 Rf2+ 42.Kg4 Rg2+  1/2-1/2

[Event "A2Bmedialtd.com Int Gp C"]
[Site "Uxbridge ENG"]
[Date "2009.08.12"]
[Round "1"]
[White "Arkell,K"]
[Black "McKenna,Jas"]
[Result "1-0"]
[WhiteElo "2521"]
[BlackElo "2146"]

1.d4 g6 2.c4 Bg7 3.Nf3 d6 4.g3 Nf6 5.Bg2 O-O 6.O-O Nbd7 7.d5 a5 8.Nc3 Nc5
9.Nd4 Bg4 10.h3 Bd7 11.e4 e5 12.dxe6 Nxe6 13.Be3 Nxd4 14.Bxd4 Bc6 15.Rc1 Nd7
16.Bxg7 Kxg7 17.Nd5 Bxd5 18.cxd5 Nc5 19.Qd4+ Kg8 20.e5 b6 21.e6 Qe7 22.Rfe1 Rae8
23.Re2 f5 24.f4 Qg7 25.Qe3 Re7 26.b3 Ra8 27.a3 a4 28.b4 Nb3 29.Rd1 Qf6 30.Rc2 Kg7
31.Kh2 h5 32.Bf1 Kh6 33.h4 Kg7 34.Bb5  1-0

[Event "16th Vienna Open"]
[Site "Vienna AUT"]
[Date "2009.08.16"]
[Round "2"]
[White "Schneider Zinner,H"]
[Black "Vasilescu,Vic"]
[Result "1/2-1/2"]
[WhiteElo "2352"]
[BlackElo "2161"]

1.d4 g6 2.Nf3 Bg7 3.c4 d6 4.g3 Nf6 5.Bg2 O-O 6.O-O Nc6 7.Nc3 a6 8.b3 Rb8
9.Nd5 e6 10.Nxf6+ Bxf6 11.Bh6 Re8 12.Rc1 Bd7 13.e4 e5 14.d5 Nd4 15.Nxd4 exd4
16.c5 Rc8 17.f4 Bb5 18.Rf2 a5 19.a4 Ba6 20.Qd2 b6 21.c6 Ra8 22.Re1 d3 23.f5 g5
24.h4 gxh4 25.gxh4 Kh8 26.Bf1 Rg8+ 27.Rg2 Bd4+ 28.Be3 Bxe3+ 29.Rxe3 Qxh4
30.Rh3 Rxg2+ 31.Bxg2 Qf6 32.Rh6 Qd4+ 33.Qf2 Qa1+ 34.Kh2 Qe5+ 35.Kh1 Rg8 36.Rh3  1/2-1/2

[Event "BDO Challenger"]
[Site "Haarlem NED"]
[Date "2009.08.18"]
[Round "4"]
[White "Richter,Ch"]
[Black "Rombaldoni,An"]
[Result "1-0"]
[WhiteElo "2417"]
[BlackElo "2269"]

1.d4 Nf6 2.Nf3 g6 3.c4 Bg7 4.g3 O-O 5.Bg2 d6 6.Nc3 Nc6 7.O-O a6 8.b3 Rb8
9.Bb2 b5 10.cxb5 axb5 11.Rc1 b4 12.Na4 Na7 13.Qc2 c6 14.Nd2 Qa5 15.Rfe1 Qh5
16.f3 Nd5 17.e3 Ba6 18.Nc4 Rfc8 19.Qd2 Nb5 20.f4 Rc7 21.h3 Bc8 22.g4 Qh4
23.Qf2 Qxf2+ 24.Kxf2 Be6 25.Na5 Nbc3 26.Bxc3 bxc3 27.Nxc3 Nb4 28.Red1 c5
29.a3 cxd4 30.exd4 Rbc8 31.axb4 Rxc3 32.Rxc3 Rxc3 33.d5 Rc2+ 34.Kg3 Bd7 35.Bf1 h6
36.Bc4 g5 37.Nc6 gxf4+ 38.Kxf4 Bf6 39.b5 e6 40.dxe6 fxe6 41.Rxd6 Bg5+ 42.Ke4  1-0

[Event "24th Open"]
[Site "Tetevan BUL"]
[Date "2009.08.19"]
[Round "7"]
[White "Todorov,O"]
[Black "Pashev,D"]
[Result "1-0"]
[WhiteElo "2331"]
[BlackElo "1947"]

1.d4 Nf6 2.Nf3 g6 3.c4 Bg7 4.g3 d6 5.Bg2 O-O 6.O-O Nbd7 7.Nc3 e5 8.e4 exd4
9.Nxd4 c6 10.h3 a5 11.Re1 Qc7 12.Be3 Nc5 13.Qc2 Re8 14.Rad1 Bd7 15.Nb3 Nxb3
16.axb3 Bc8 17.Bf4 Re5 18.c5 dxc5 19.Bxe5 Qxe5 20.f4 Qe7 21.e5 Nh5 22.Qf2 Bf8
23.g4 Ng7 24.Ne4 Ne6 25.Nf6+ Kh8 26.f5 Nd4 27.Qg3 Bg7 28.Kh1 gxf5 29.Qh4 Bxf6
30.exf6 Qf8 31.Re7 b5 32.g5 Kg8 33.Rg1 f4 34.g6 hxg6 35.Be4  1-0

[Event "XI Sants Open"]
[Site "Barcelona ESP"]
[Date "2009.08.21"]
[Round "1"]
[White "Rodriguez Pardo,F"]
[Black "Martinez Duany,L"]
[Result "0-1"]
[WhiteElo "2079"]
[BlackElo "2507"]

1.d4 Nf6 2.c4 d6 3.Nf3 g6 4.g3 Bg7 5.Bg2 O-O 6.O-O c6 7.Nc3 a6 8.a4 a5 9.e4 Na6
10.Qe2 Nd7 11.e5 dxe5 12.dxe5 Ndc5 13.Rd1 Qc7 14.Bf4 Be6 15.Nd4 Rad8 16.Nxe6 Nxe6
17.Rac1 g5 18.Be3 Qxe5 19.Bb6 Qxe2 20.Nxe2 Rxd1+ 21.Rxd1 Bxb2 22.Rb1 Be5
23.Bxa5 Nec5 24.Kf1 h6 25.f4 Bc7 26.Bd2 Rd8 27.Ke1 f6 28.fxg5 hxg5 29.Nc3 Ba5
30.Ne4 Bxd2+ 31.Nxd2 Rd3 32.Ra1 Rxd2 33.Kxd2 Nb3+ 34.Kc2 Nxa1+ 35.Kb2 Nc5
36.Kxa1 Nxa4 37.Ka2 Kf7 38.Kb3 Nc5+ 39.Kb4 Nd7 40.Be4 e6 41.g4 Ke7 42.c5 Kd8
43.h3 Kc7 44.Bh7 b6 45.cxb6+ Nxb6 46.Bd3 Kd6 47.Bf1 Nd5+ 48.Kb3 Ke5  0-1

[Event "5th Geller Mem Open A"]
[Site "Odessa UKR"]
[Date "2009.08.24"]
[Round "5"]
[White "Nedilko,V"]
[Black "Tregubov,V"]
[Result "0-1"]
[WhiteElo "2414"]
[BlackElo "2233"]

1.d4 Nf6 2.c4 g6 3.Nf3 Bg7 4.g3 d6 5.Bg2 O-O 6.Nc3 Nc6 7.O-O Bg4 8.h3 Bxf3
9.Bxf3 Nd7 10.e3 e5 11.d5 Ne7 12.e4 f5 13.Bd2 h6 14.Kg2 fxe4 15.Nxe4 Nf5
16.h4 Nd4 17.Bg4 Nf6 18.Nxf6+ Qxf6 19.h5 g5 20.Bc3 c5 21.Qd3 Rab8 22.Rae1 b5
23.b3 bxc4 24.Qxc4 Nb5 25.Bb2 Nc7 26.a3 Qf7 27.Rd1 Kh8 28.Rd3 a5 29.Bc1 Nb5
30.Rf3 Qb7 31.Rxf8+ Rxf8 32.Rd1 Nd4 33.Rd3 e4 34.Re3 Qf7 35.f4 gxf4 36.Rxe4 fxg3
37.Rf4 Qe7 38.b4 Rxf4 39.Bxf4 Qe4+  0-1

[Event "ch-RUS HL"]
[Site "Ulan Ude RUS"]
[Date "2009.09.02"]
[Round "1"]
[White "Papin,V"]
[Black "Savchenko,B"]
[Result "1/2-1/2"]
[WhiteElo "2529"]
[BlackElo "2638"]

1.d4 Nf6 2.c4 g6 3.Nf3 Bg7 4.g3 O-O 5.Bg2 d6 6.Nc3 Nc6 7.O-O a6 8.Qd3 Re8
9.d5 Nb4 10.Qd2 a5 11.Nd4 e5 12.dxe6 fxe6 13.e4 Nd7 14.Nde2 Nc5 15.b3 Bd7
16.Rb1 Ncd3 17.Ba3 Qb8 18.Nb5 c6 19.Nbc3 c5 20.Bxb4 Nxb4 21.Rfd1 Rd8 22.Qxd6 Qxd6
23.Rxd6 Bc6 24.Rbd1 Rxd6 25.Rxd6 a4 26.bxa4 Nc2 27.e5 Bxg2 28.Kxg2 Ne1+ 29.Kf1 Nf3
30.Ne4 Bxe5 31.Rxe6 Rxa4 32.Nxc5 Rxa2 33.Nd3 Nd2+ 34.Kg2 Nxc4 35.Nec1 Ra5
36.Nb3 Rd5 37.Nxe5 Rxe5 38.Rxe5 Nxe5 39.f4 Nc4 40.Kf3 Kf7 41.Ke4 Kf6 42.g4 b5
43.h3 g5 44.f5 h5 45.gxh5 Nd6+ 46.Kd5 Nxf5 47.Kc5 Ng3 48.Nd4 g4 49.hxg4 Nxh5
50.gxh5 Kg5 51.h6 Kxh6 52.Nxb5  1/2-1/2

[Event "ch-RUS HL"]
[Site "Ulan Ude RUS"]
[Date "2009.09.02"]
[Round "1"]
[White "Maletin,P"]
[Black "Inarkiev,E"]
[Result "0-1"]
[WhiteElo "2576"]
[BlackElo "2664"]

1.d4 Nf6 2.c4 g6 3.Nf3 Bg7 4.g3 O-O 5.Bg2 d6 6.Nc3 Nc6 7.O-O Rb8 8.b3 a6
9.d5 Na5 10.Bd2 c5 11.dxc6 Nxc6 12.Rc1 Bf5 13.Nd5 Be4 14.Bc3 Nxd5 15.cxd5 Bxc3
16.dxc6 Qa5 17.cxb7 Rxb7 18.Nh4 Bxg2 19.Nxg2 Bb2 20.Rc2 Qxa2 21.Qd2 Rxb3
22.Ne3 Rfb8 23.Rc7 R3b7 24.Rxb7 Rxb7 25.Qc2 Qb3 26.Qc8+ Kg7 27.Rb1 a5 28.Nc4 Rb8
29.Nxa5 Qa2  0-1

[Event "6th LGA Premium Cup"]
[Site "Nuernberg GER"]
[Date "2009.09.06"]
[Round "7"]
[White "Ginsburg,G"]
[Black "Solonar,S"]
[Result "1-0"]
[WhiteElo "2537"]
[BlackElo "2364"]

1.d4 Nf6 2.Nf3 d6 3.c4 g6 4.g3 Bg7 5.Bg2 O-O 6.O-O Nbd7 7.Nc3 e5 8.e4 c6
9.h3 a5 10.Be3 Qe7 11.Re1 Re8 12.Qc2 exd4 13.Nxd4 Nc5 14.Rad1 Nfd7 15.b3 Qd8
16.Rb1 Qc7 17.Red1 Ne5 18.f4 Ned7 19.Bf2 h5 20.a3 Bf8 21.b4 axb4 22.axb4 Ne6
23.Rd2 Nxd4 24.Bxd4 Nb6 25.Nd1 Bg7 26.Bxg7 Kxg7 27.Ne3 Be6 28.f5 Bd7 29.Rbd1 d5
30.e5 Na4 31.Nf1 Qxe5 32.fxg6 fxg6 33.Rc1 Be6 34.cxd5 Bxd5 35.Bxd5 cxd5 36.Qd3 Rad8
37.Qd4 Qxd4+ 38.Rxd4 Re4 39.Rxe4 dxe4 40.Rc4 Re8 41.Ne3 Nb2 42.Rd4 Re7 43.Nd5 Re8
44.Kf2 Rf8+ 45.Ke2 Na4 46.Nf4 Rf7 47.Ke3 h4 48.gxh4 Nc3 49.Rd6  1-0